Το EDI και η XML στην ναυτιλία φόρμες του IMO σε XML (1st part - 2nd part) : πτυχιακή εργασία

Αποθηκεύτηκε σε:
Λεπτομέρειες βιβλιογραφικής εγγραφής
Κύριος συγγραφέας: Κεκύρας, Ιωάννης Ν.
Συγγραφή απο Οργανισμό/Αρχή: Πανεπιστήμιο Αιγαίου Σχολή Επιστημών της Διοίκησης Τμήμα Ναυτιλίας και Επιχειρηματικών Υπηρεσιών - Τ.Ν.Ε.Υ
Άλλοι συγγραφείς: Νικητάκος, Νικήτας (Εισηγητής διατριβής)
Μορφή: Thesis Βιβλίο
Γλώσσα:Greek
Δημοσίευση: 2002
Θέματα:
Ετικέτες: Προσθήκη ετικέτας
Δεν υπάρχουν, Καταχωρήστε ετικέτα πρώτοι!

MARC

LEADER 00000cam a2200000 i 4500
001 1/34276
008 030306s2002 gre d
035 |l 10069665 
040 |a GR-MY-UA  |b gre  |e aacr 
041 0 |a gre 
082 0 |a 387.50285  |2 (22) 
100 1 |a Κεκύρας, Ιωάννης Ν. 
245 1 3 |a Το EDI και η XML στην ναυτιλία φόρμες του IMO σε XML (1st part - 2nd part) :  |b πτυχιακή εργασία /  |c Ιωάννης Ν. Κεκύρας ; επιβλέπων: Ν. Νικητάκος 
260 |c 2002 
300 |a 208 σ. 
502 |a Πτυχιακή εργασία – Πανεπιστήμιο Αιγαίου, Χίος, 2002. 
504 |a Περιλαμβάνει βιβλιογραφία 
610 2 0 |a Πανεπιστήμιο Αιγαίου. 
650 0 0 |a Shipping  |x Data processing. 
650 0 0 |a Electronic data interchange. 
650 0 0 |a XML (Document markup language) 
650 0 0 |a Dissertations, Academic  |z Greece. 
700 1 |4 ths  |a Νικητάκος, Νικήτας. 
710 1 |a Πανεπιστήμιο Αιγαίου  |b Σχολή Επιστημών της Διοίκησης  |b Τμήμα Ναυτιλίας και Επιχειρηματικών Υπηρεσιών - Τ.Ν.Ε.Υ. 
852 |a INST  |b CHIOS  |c DIATR  |e 20030306  |h 387.50285 KEK  |p 005200013453  |q 005200013453  |t DIE  |y 23 
901 |a BIBL2-2003-1 
909 |a Χ  |b 102791 
924 |a Κεκύρας   |b Ιωάννης  |y Χίος  |z 2003-03 
970 |a Χαζίρη  |b Αννα  |z 2003/02/06